| Tag |
First Indicator |
Second Indicator |
Subfields |
| LEADER |
00000cam a2200000Ia 4500 |
| 001 |
in00003835721 |
| 006 |
m o d |
| 007 |
cr cn||||||||| |
| 008 |
090807s2009 enka ob 001 0 eng d |
| 005 |
20260609152629.6 |
| 020 |
|
|
|a 9781621981992
|q (electronic bk.)
|
| 020 |
|
|
|a 1621981991
|q (electronic bk.)
|
| 020 |
|
|
|z 9780854041701
|
| 020 |
|
|
|z 0854041702
|
| 035 |
|
|
|a (OCoLC)429671924
|
| 037 |
|
|
|a T1288
|b Royal Society of Chemistry
|n http://www.rsc.org/spr
|
| 040 |
|
|
|a UKRSC
|b eng
|e pn
|c UKRSC
|d OCLCQ
|d KNOVL
|d ZCU
|d KNOVL
|d OCLCF
|d KNOVL
|d OCLCQ
|d STF
|d OCLCQ
|d UtOrBLW
|
| 049 |
|
|
|a TXAM
|
| 050 |
|
4 |
|a TS965
|b .C72 2009
|
| 082 |
0 |
4 |
|a 675.23
|2 22
|
| 100 |
1 |
|
|a Covington, Tony
|q (Anthony D.)
|0 http://id.loc.gov/authorities/names/nb2009017078
|
| 245 |
1 |
0 |
|a Tanning chemistry :
|b the science of leather /
|c Tony Covington.
|
| 264 |
|
1 |
|a Cambridge, UK :
|b Royal Society of Chemistry,
|c [2009]
|
| 264 |
|
4 |
|c ©2009
|
| 300 |
|
|
|a 1 online resource (xxxi, 483 pages) :
|b illustrations (some color)
|
| 336 |
|
|
|a text
|b txt
|2 rdacontent
|
| 337 |
|
|
|a computer
|b c
|2 rdamedia
|
| 338 |
|
|
|a online resource
|b cr
|2 rdacarrier
|
| 504 |
|
|
|a Includes bibliographical references and index.
|
| 500 |
|
|
|a Electronic resource.
|
| 650 |
|
0 |
|a Tanning.
|0 http://id.loc.gov/authorities/subjects/sh85132332
|
| 650 |
|
0 |
|a Leather.
|0 http://id.loc.gov/authorities/subjects/sh85075573
|
| 650 |
|
7 |
|a Leather.
|2 fast
|0 (OCoLC)fst00995089
|
| 650 |
|
7 |
|a Tanning.
|2 fast
|0 (OCoLC)fst01142827
|
| 655 |
|
7 |
|a Electronic books.
|2 local
|
| 710 |
2 |
|
|a Knovel (Firm)
|0 http://id.loc.gov/authorities/names/nr2001027264
|
| 776 |
1 |
8 |
|i Print version:
|z 9780854041701
|z 0854041702
|w (OCoLC)276224537
|
| 856 |
4 |
0 |
|u http://proxy.library.tamu.edu/login?url=https://app.knovel.com/hotlink/toc/id:kpTCTSL002/tanning-chemistry-the
|z Connect to the full text of this electronic book
|t 0
|
| 999 |
f |
f |
|s ee11eae2-5fe4-3238-bf10-0927273c5d9a
|i 58a71d7b-2ee4-3d0e-9ba8-b07351362938
|t 0
|
| 952 |
f |
f |
|a Texas A&M University
|b College Station
|c Electronic Resources
|s www_evans
|d Available Online
|t 0
|e TS965 .C72 2009
|h Library of Congress classification
|
| 998 |
f |
f |
|a TS965 .C72 2009
|t 0
|l Available Online
|